00439 2200169 4500001002100000008004100021035002000062245005300082100002100135260002400156300002000180020002200200084001400222082000800236650001000244990001500254INLIS000000000003263 ind  a0010-1225000084 aCatatan Pembunuhan Sang NoveliscKeigo Higashino aHigashino, Keigo aJakarta :bGramedia a304c13,5x20 cm a978-602-06-3932-1 a813 HIG k a813 aFiksi a19738/B/26